| 000 | 00645nam a2200217 a 4500 | ||
|---|---|---|---|
| 001 | 7728 | ||
| 003 | CO-ViMGA | ||
| 008 | 141112s2004 ck r 000 u spa d | ||
| 020 | _a9686062971 | ||
| 040 |
_aCO-ViMGA _bspa _cCO-ViMGA |
||
| 082 | 0 | 4 | _a658.1553 A484 |
| 100 | 1 |
_aAhuja, Hira N. _97189 |
|
| 245 | 1 | 0 | _aIngenieria de costos y administracion de proyectos |
| 260 |
_aMexico D.F. : _bAlfaomega, _c1989 |
||
| 300 | _a373 p. il. | ||
| 590 | _aDatos de inventario : 7696 - - Ejemplares : 01 | ||
| 650 | 1 | 4 |
_aADMINISTRACION DE PROYECTOS _91914 |
| 650 | 1 | 4 |
_aANALISIS DE COSTOS _97190 |
| 650 | 1 | 4 |
_aCOSTOS DE PRODUCCION _97191 |
| 942 |
_2ddc _cBK |
||
| 999 |
_c19643 _d19643 |
||